| 000 | 00597nam a2200193 a 4500 | ||
|---|---|---|---|
| 005 | 20240806063940.0 | ||
| 008 | 151104s1945 mx r 000 0 spa d | ||
| 020 | _a9703220142 | ||
| 035 | _aUPN01000206532 | ||
| 049 | _aF | ||
| 050 | 4 |
_aPQ7297 R8.1 _bA4.3 |
|
| 100 | 1 |
_aRomero, José Rubén, _d1890-1952 _931956 |
|
| 245 | 1 | 0 |
_aAlgunas cosillas de Pito Pérez que se me quedaron en el tintero / _cJosé Rubén Romero ; viñetas de Oscar Frías. |
| 260 |
_aMéxico : _bUNAM, _c1945. |
||
| 300 |
_a46 p. : _bil. |
||
| 440 | 0 |
_aLunes ; _v7 |
|
| 650 | 4 |
_aLiteratura mexicana _94466 |
|
| 905 | _aLibro | ||
| 999 |
_c178633 _d178633 |
||